000 00696nam a22002297a 4500
005 20170124110036.0
010 _aA-258377
020 _c00.00
035 _aA-258377
037 _bCen Lib/Ret
040 _aDPL
_bEN
082 _a370.954
_bBAS
100 _aBasu, Aparna
_9102203
245 _aEssays in the history of Indian education /
_cby Aparna Basu
260 _aNew Delhi
_bConcept Publishing
_c1982
270 _aH-13, Bai Nagar
_bNew Delhi
_e110015
300 _ax,105p.
_c20cm(Hb)
500 _aIncludes bibliographical references and index
650 _aEducation -- India -- History
_920617
650 _aEducation
_91169
942 _2ddc
_cEN
_h370.954
_mBAS
999 _c128238
_d128238